[Event "Deutsche Ländermeisterschaft 2018"]
[Site "Würzburg GER"]
[Date "2018.10.03"]
[Round "2"]
[White "Greßmann, Moritz"]
[Black "Engel, Robert"]
[Result "1-0"]
[Termination "normal"]
[Board "7.2"]
[WhiteElo "2106"]
[BlackElo "2059"]
[WhiteClock "00:04:36"]
[BlackClock "00:20:14"]
[WhiteTeam "Berlin"]
[BlackTeam "Hamburg"]
[PlyCount "111"]
[WhiteFideId "24695084"]
[BlackFideId "12974684"]
[EventCountry "GER"]
[EventRounds "7"]
[EventType "team-swiss"]
[EventDate "2018.10.02"]

1. e4 {[%clk 1:30:58]} c5 {[%clk 1:30:56]} 2. Nf3 {[%clk 1:31:24]} d6 {[%clk
1:31:22]} 3. Bb5+ {[%clk 1:31:49]} Nd7 {[%clk 1:31:20]} 4. O-O {[%clk 1:32:08]}
a6 {[%clk 1:31:28]} 5. Bxd7+ {[%clk 1:32:18]} Bxd7 {[%clk 1:31:38]} 6. d4
{[%clk 1:32:37]} cxd4 {[%clk 1:29:43]} 7. Qxd4 {[%clk 1:32:58]} Nf6 {[%clk
1:17:06]} 8. c4 {[%clk 1:32:37]} g6 {[%clk 1:15:55]} 9. Nc3 {[%clk 1:31:39]}
Bg7 {[%clk 1:16:12]} 10. Bg5 {[%clk 1:27:03]} O-O {[%clk 1:15:59]} 11. Rac1
{[%clk 1:25:27]} Be6 {[%clk 1:12:46]} 12. Qd3 {[%clk 1:20:05]} b5 {[%clk
1:07:36]} 13. cxb5 {[%clk 1:19:30]} axb5 {[%clk 1:07:59]} 14. Qxb5 {[%clk
1:03:52]} Bxa2 {[%clk 0:58:17]} 15. Ra1 {[%clk 0:45:43]} Be6 {[%clk 0:55:55]}
16. Nd4 {[%clk 0:39:30]} Bd7 {[%clk 0:53:46]} 17. Rxa8 {[%clk 0:26:19]} Qxa8
{[%clk 0:53:52]} 18. Qd3 {[%clk 0:26:36]} Re8 {[%clk 0:47:38]} 19. Bxf6 {[%clk
0:21:38]} Bxf6 {[%clk 0:45:32]} 20. Nd5 {[%clk 0:19:32]} Bg7 {[%clk 0:43:44]}
21. Nc7 {[%clk 0:18:48]} Qa7 {[%clk 0:41:51]} 22. Nxe8 {[%clk 0:18:50]} Bxd4
{[%clk 0:38:18]} 23. Nc7 {[%clk 0:19:12]} Bxb2 {[%clk 0:35:28]} 24. Nd5 {[%clk
0:18:58]} e6 {[%clk 0:32:11]} 25. Ne3 {[%clk 0:13:15]} Bd4 {[%clk 0:29:56]} 26.
Nc2 {[%clk 0:13:34]} Bc5 {[%clk 0:30:12]} 27. Kh1 {[%clk 0:09:08]} Qb7 {[%clk
0:26:39]} 28. f3 {[%clk 0:04:53]} Qb2 {[%clk 0:25:15]} 29. Ra1 {[%clk 0:01:44]}
Bb5 {[%clk 0:24:44]} 30. Qd1 {[%clk 0:02:00]} Qc3 {[%clk 0:24:00]} 31. Ra8+
{[%clk 0:02:10]} Kg7 {[%clk 0:24:23]} 32. Qa1 {[%clk 0:02:34]} Qxa1+ {[%clk
0:24:18]} 33. Rxa1 {[%clk 0:01:48]} Kf6 {[%clk 0:23:52]} 34. g3 {[%clk
0:01:10]} Bc6 {[%clk 0:21:55]} 35. Rc1 {[%clk 0:00:58]} Bb5 {[%clk 0:19:34]}
36. Ne1 {[%clk 0:00:56]} Ke5 {[%clk 0:18:41]} 37. Kg2 {[%clk 0:00:42]} f5
{[%clk 0:17:14]} 38. exf5 {[%clk 0:00:42]} Kxf5 {[%clk 0:15:36]} 39. Rb1 {[%clk
0:00:56]} Bc4 {[%clk 0:15:43]} 40. Rb7 {[%clk 0:00:58]} h5 {[%clk 0:15:34]} 41.
Rc7 {[%clk 0:30:13]} e5 {[%clk 0:43:40]} 42. Nc2 {[%clk 0:23:42]} Bd3 {[%clk
0:40:39]} 43. Na1 {[%clk 0:22:48]} Bc4 {[%clk 0:40:41]} 44. Rb7 {[%clk
0:19:41]} d5 {[%clk 0:36:13]} 45. Nb3 {[%clk 0:19:03]} Be3 {[%clk 0:35:10]} 46.
Na5 {[%clk 0:18:22]} Bd3 {[%clk 0:35:05]} 47. Nc6 {[%clk 0:15:34]} d4 {[%clk
0:31:43]} 48. Re7 {[%clk 0:13:30]} e4 {[%clk 0:27:43]} 49. Re5+ {[%clk
0:13:23]} Kf6 {[%clk 0:28:04]} 50. fxe4 {[%clk 0:11:47]} Be2 {[%clk 0:26:29]}
51. Rd5 {[%clk 0:08:57]} d3 {[%clk 0:26:58]} 52. Rd6+ {[%clk 0:05:13]} Kf7
{[%clk 0:25:12]} 53. e5 {[%clk 0:05:00]} Bc5 {[%clk 0:20:30]} 54. e6+ {[%clk
0:04:05]} Kg7 {[%clk 0:19:49]} 55. e7 {[%clk 0:04:11]} Kf7 {[%clk 0:20:14]} 56.
Rf6+ {[%clk 0:04:36]} 1-0

[Event "Deutsche Ländermeisterschaft 2018"]
[Site "Würzburg GER"]
[Date "2018.10.03"]
[Round "2"]
[White "Schumann, Rabea"]
[Black "Grund, Sebastian"]
[Result "0-1"]
[Termination "normal"]
[Board "8.4"]
[WhiteElo "1903"]
[BlackElo "1992"]
[WhiteClock "00:01:09"]
[BlackClock "00:11:37"]
[WhiteTeam "Mecklenburg-Vorpommern"]
[BlackTeam "Thüringen"]
[PlyCount "142"]
[WhiteFideId "12918199"]
[BlackFideId "12988626"]
[EventCountry "GER"]
[EventRounds "7"]
[EventType "team-swiss"]
[EventDate "2018.10.02"]

1. c4 {[%clk 1:30:54]} Nf6 {[%clk 1:30:53]} 2. g3 {[%clk 1:31:15]} c6 {[%clk
1:30:05]} 3. Nf3 {[%clk 1:30:49]} g6 {[%clk 1:30:17]} 4. Bg2 {[%clk 1:31:05]}
Bg7 {[%clk 1:30:41]} 5. Nc3 {[%clk 1:30:02]} d5 {[%clk 1:31:01]} 6. O-O {[%clk
1:11:56]} O-O {[%clk 1:31:10]} 7. d3 {[%clk 1:11:43]} Nbd7 {[%clk 1:20:16]} 8.
Qc2 {[%clk 1:09:59]} e5 {[%clk 1:17:55]} 9. e4 {[%clk 1:05:09]} d4 {[%clk
1:11:24]} 10. Ne2 {[%clk 1:04:30]} a5 {[%clk 1:08:50]} 11. b3 {[%clk 1:01:38]}
Qe7 {[%clk 1:03:47]} 12. Nh4 {[%clk 0:56:47]} Ne8 {[%clk 0:47:17]} 13. f4
{[%clk 0:52:36]} exf4 {[%clk 0:46:34]} 14. Bxf4 {[%clk 0:50:57]} c5 {[%clk
0:42:06]} 15. Rae1 {[%clk 0:37:00]} Ne5 {[%clk 0:38:24]} 16. Nf3 {[%clk
0:30:18]} Nd6 {[%clk 0:29:23]} 17. Nxe5 {[%clk 0:26:41]} Bxe5 {[%clk 0:29:39]}
18. Bxe5 {[%clk 0:26:40]} Qxe5 {[%clk 0:30:00]} 19. Nf4 {[%clk 0:26:22]} Be6
{[%clk 0:25:36]} 20. Qd2 {[%clk 0:18:58]} Qg5 {[%clk 0:19:06]} 21. Rf2 {[%clk
0:15:58]} Rae8 {[%clk 0:16:01]} 22. Bh3 {[%clk 0:07:27]} Bxh3 {[%clk 0:13:39]}
23. Nxh3 {[%clk 0:07:51]} Qxd2 {[%clk 0:14:04]} 24. Rxd2 {[%clk 0:08:16]} Re5
{[%clk 0:14:19]} 25. Rde2 {[%clk 0:04:33]} Rfe8 {[%clk 0:13:56]} 26. Kf2 {[%clk
0:03:57]} g5 {[%clk 0:06:30]} 27. Kf3 {[%clk 0:01:47]} R8e6 {[%clk 0:02:40]}
28. g4 {[%clk 0:01:25]} Ne8 {[%clk 0:01:20]} 29. Kg3 {[%clk 0:01:21]} h5 {[%clk
0:00:53]} 30. Ng1 {[%clk 0:01:03]} hxg4 {[%clk 0:01:07]} 31. Kxg4 {[%clk
0:01:20]} Rg6 {[%clk 0:01:30]} 32. Nf3 {[%clk 0:01:37]} Nf6+ {[%clk 0:01:39]}
33. Kg3 {[%clk 0:01:46]} Re8 {[%clk 0:01:09]} 34. Kf2 {[%clk 0:01:04]} Ng4+
{[%clk 0:00:39]} 35. Kg3 {[%clk 0:01:28]} Ne3 {[%clk 0:00:39]} 36. h3 {[%clk
0:01:14]} Kg7 {[%clk 0:00:42]} 37. Nh2 {[%clk 0:01:25]} Rh8 {[%clk 0:00:42]}
38. Ng4 {[%clk 0:01:19]} Nxg4 39. Kxg4 {[%clk 0:01:05]} Rh4+ {[%clk 0:01:31]}
40. Kg3 {[%clk 0:01:13]} Rf6 {[%clk 0:00:58]} 41. Rb1 {[%clk 0:18:46]} Rhf4
{[%clk 0:30:17]} 42. Rd1 {[%clk 0:13:29]} Kg6 {[%clk 0:26:28]} 43. e5 {[%clk
0:08:07]} Re6 {[%clk 0:26:38]} 44. Rde1 {[%clk 0:06:44]} Rh4 {[%clk 0:24:05]}
45. Rf1 {[%clk 0:06:08]} f5 {[%clk 0:12:23]} 46. exf6 {[%clk 0:05:35]} Rxe2
{[%clk 0:12:35]} 47. f7 {[%clk 0:06:00]} Re3+ {[%clk 0:12:44]} 48. Kg2 {[%clk
0:06:11]} Rh8 {[%clk 0:12:48]} 49. f8=Q {[%clk 0:06:06]} Rxf8 {[%clk 0:13:09]}
50. Rxf8 {[%clk 0:06:31]} Rxd3 {[%clk 0:13:29]} 51. Rc8 {[%clk 0:03:27]} b6
{[%clk 0:13:09]} 52. Rc6+ {[%clk 0:03:00]} Kf5 {[%clk 0:13:32]} 53. Rxb6 {[%clk
0:03:15]} Re3 {[%clk 0:12:58]} 54. Rc6 {[%clk 0:02:46]} Re5 {[%clk 0:12:32]}
55. Kf3 {[%clk 0:02:55]} Re3+ {[%clk 0:12:13]} 56. Kg2 {[%clk 0:03:19]} Ke4
{[%clk 0:09:39]} 57. Rxc5 {[%clk 0:03:09]} d3 {[%clk 0:09:58]} 58. Rd5 {[%clk
0:02:34]} Re2+ {[%clk 0:10:06]} 59. Kf1 {[%clk 0:01:56]} Ke3 {[%clk 0:10:05]}
60. Re5+ {[%clk 0:01:02]} Kd2 {[%clk 0:10:22]} 61. Rxg5 {[%clk 0:00:55]} Kc2
{[%clk 0:09:18]} 62. c5 {[%clk 0:01:00]} d2 {[%clk 0:09:16]} 63. Kxe2 {[%clk
0:00:39]} d1=Q+ {[%clk 0:09:36]} 64. Ke3 {[%clk 0:00:40]} Qd2+ {[%clk 0:09:59]}
65. Ke4 {[%clk 0:00:57]} Qxg5 {[%clk 0:10:22]} 66. Kd4 {[%clk 0:01:19]} Qh4+
{[%clk 0:10:00]} 67. Kd5 {[%clk 0:01:37]} Qxh3 {[%clk 0:10:20]} 68. Kc6 {[%clk
0:01:36]} Qc8+ {[%clk 0:10:38]} 69. Kb5 {[%clk 0:01:49]} Kb2 {[%clk 0:10:58]}
70. b4 {[%clk 0:00:55]} axb4 {[%clk 0:11:13]} 71. Kxb4 {[%clk 0:01:09]} Kxa2
{[%clk 0:11:37]} 0-1

[Event "Deutsche Ländermeisterschaft 2018"]
[Site "Würzburg GER"]
[Date "2018.10.03"]
[Round "2"]
[White "Breß, Amy Charlize"]
[Black "Langer, Paul Georg"]
[Result "1/2-1/2"]
[Termination "normal"]
[Board "8.8"]
[WhiteElo "1464"]
[BlackElo "1348"]
[WhiteClock "00:13:14"]
[BlackClock "01:35:49"]
[WhiteTeam "Mecklenburg-Vorpommern"]
[BlackTeam "Thüringen"]
[PlyCount "124"]
[WhiteFideId "16233786"]
[BlackFideId "16230051"]
[EventCountry "GER"]
[EventRounds "7"]
[EventType "team-swiss"]
[EventDate "2018.10.02"]

1. e4 {[%clk 1:30:57]} c5 {[%clk 1:30:53]} 2. Nf3 {[%clk 1:31:10]} d6 {[%clk
1:31:10]} 3. d4 {[%clk 1:30:58]} cxd4 {[%clk 1:31:19]} 4. Nxd4 {[%clk 1:31:17]}
Nf6 {[%clk 1:31:39]} 5. Nc3 {[%clk 1:31:30]} a6 {[%clk 1:31:49]} 6. Be2 {[%clk
1:28:31]} e5 {[%clk 1:32:04]} 7. Nf3 {[%clk 1:28:06]} Be7 {[%clk 1:32:03]} 8.
O-O {[%clk 1:27:13]} O-O {[%clk 1:32:20]} 9. a4 {[%clk 1:21:11]} Be6 {[%clk
1:31:27]} 10. h3 {[%clk 1:17:59]} Nbd7 {[%clk 1:31:26]} 11. Be3 {[%clk
1:16:38]} Qc7 {[%clk 1:30:02]} 12. Nd2 {[%clk 1:05:00]} Rfc8 {[%clk 1:29:06]}
13. Kh1 {[%clk 0:59:38]} d5 {[%clk 1:28:18]} 14. exd5 {[%clk 0:57:45]} Nxd5
{[%clk 1:28:22]} 15. Nxd5 {[%clk 0:43:46]} Bxd5 {[%clk 1:28:29]} 16. Nf3 {[%clk
0:41:45]} Be6 {[%clk 1:27:43]} 17. c3 {[%clk 0:39:17]} Rd8 {[%clk 1:25:42]} 18.
Qc1 {[%clk 0:37:15]} Rac8 {[%clk 1:24:41]} 19. Rd1 Bc5 {[%clk 1:22:46]} 20.
Bxc5 {[%clk 0:35:36]} Nxc5 {[%clk 1:22:25]} 21. Qe3 {[%clk 0:28:22]} f6 {[%clk
1:21:10]} 22. Nd2 {[%clk 0:26:38]} Nb3 {[%clk 1:20:12]} 23. Nxb3 {[%clk
0:19:30]} Bxb3 {[%clk 1:20:16]} 24. Rxd8+ {[%clk 0:19:35]} Rxd8 {[%clk
1:20:26]} 25. Qc1 {[%clk 0:14:38]} Qd7 {[%clk 1:19:38]} 26. a5 {[%clk 0:14:22]}
Qd2 {[%clk 1:18:55]} 27. Qxd2 {[%clk 0:09:54]} Rxd2 {[%clk 1:19:15]} 28. Bf3
{[%clk 0:09:46]} Bd5 {[%clk 1:17:59]} 29. Rd1 {[%clk 0:07:57]} Rxd1+ {[%clk
1:18:05]} 30. Bxd1 {[%clk 0:08:22]} Kf7 {[%clk 1:18:25]} 31. Kh2 {[%clk
0:04:48]} Ke6 {[%clk 1:18:10]} 32. Kg3 {[%clk 0:04:53]} Kd6 {[%clk 1:17:53]}
33. Bf3 {[%clk 0:03:33]} e4 {[%clk 1:15:08]} 34. Be2 {[%clk 0:03:32]} Ke5
{[%clk 1:13:34]} 35. Kh2 {[%clk 0:02:41]} f5 {[%clk 1:13:00]} 36. Kg1 {[%clk
0:02:38]} f4 {[%clk 1:12:37]} 37. Kf1 {[%clk 0:02:53]} e3 {[%clk 1:11:44]} 38.
Bf3 {[%clk 0:02:37]} Bxf3 {[%clk 1:09:57]} 39. gxf3 {[%clk 0:03:03]} g6 {[%clk
1:09:04]} 40. Ke2 {[%clk 0:02:42]} exf2 {[%clk 1:09:20]} 41. Kxf2 {[%clk
0:03:06]} Kd5 {[%clk 1:09:34]} 42. b3 {[%clk 0:01:56]} Kc5 {[%clk 1:09:22]} 43.
Ke2 {[%clk 0:02:18]} Kb5 {[%clk 1:07:42]} 44. Kd3 {[%clk 0:30:26]} Kxa5 {[%clk
1:35:57]} 45. Ke4 {[%clk 0:30:46]} b5 {[%clk 1:35:50]} 46. Kxf4 {[%clk
0:31:03]} b4 {[%clk 1:35:43]} 47. c4 {[%clk 0:30:39]} Kb6 {[%clk 1:36:00]} 48.
Ke4 {[%clk 0:28:25]} Kc5 {[%clk 1:35:39]} 49. h4 {[%clk 0:28:11]} a5 {[%clk
1:35:43]} 50. Kd3 {[%clk 0:28:05]} h6 {[%clk 1:35:00]} 51. f4 {[%clk 0:19:03]}
h5 {[%clk 1:35:08]} 52. Ke3 {[%clk 0:17:42]} a4 {[%clk 1:35:03]} 53. bxa4
{[%clk 0:18:03]} Kxc4 {[%clk 1:35:07]} 54. Kd2 {[%clk 0:17:40]} b3 {[%clk
1:35:17]} 55. a5 {[%clk 0:17:38]} Kb5 {[%clk 1:35:21]} 56. a6 {[%clk 0:13:18]}
Kxa6 {[%clk 1:35:24]} 57. Kc3 {[%clk 0:13:36]} Kb6 {[%clk 1:35:15]} 58. Kxb3
{[%clk 0:13:44]} Kc6 {[%clk 1:35:10]} 59. Kc4 {[%clk 0:13:50]} Kd6 {[%clk
1:35:24]} 60. Kd4 {[%clk 0:14:11]} Ke6 {[%clk 1:35:34]} 61. Ke4 {[%clk
0:14:21]} Kf6 {[%clk 1:35:46]} 62. Ke3 {[%clk 0:13:14]} Kf5 {[%clk 1:35:49]}
1/2-1/2

[Event "Deutsche Ländermeisterschaft 2018"]
[Site "Würzburg GER"]
[Date "2018.10.03"]
[Round "2"]
[White "Wendler, David"]
[Black "Leeb, Simon"]
[Result "1-0"]
[Termination "normal"]
[Board "9.1"]
[WhiteElo "2156"]
[BlackElo "2203"]
[WhiteTeam "Württemberg 2"]
[BlackTeam "Bayern 2"]
[PlyCount "129"]
[WhiteFideId "12938360"]
[BlackFideId "12924768"]
[EventCountry "GER"]
[EventRounds "7"]
[EventType "team-swiss"]
[EventDate "2018.10.02"]

1.e4 c6 2.d4 d5 3.exd5 cxd5 4.c4 Nf6 5.Nc3 g6 6.Qb3 Bg7 7.cxd5 O-O 8.g3 Nbd7
9.Bg2 Qb6 10.Nge2 Rd8 11.O-O Qxb3 12.axb3 Nb6 13.Ra5 Bf5 14.d6 Rxd6 15.Bxb7 Rb8
16.Bf3 Nc8 17.Bf4 Rxb3 18.Bxd6 Nxd6 19.Rxa7 Rxb2 20.Rxe7 Bd7 21.Ra1 Bf8 22.Re3
Nc4 23.Nd1 Rb4 24.Rc3 Nd2 25.Bg2 Nb3 26.Ra8 Nxd4 27.Nxd4 Rxd4 28.Ne3 Kg7 29.h4
Be6 30.Rc1 Rb4 31.Ra5 Rb6 32.Rc6 Rb1+ 33.Kh2 Rb2 34.Kg1 Rb1+ 35.Kh2 Rb2 36.Ra7
Kg8 37.Rc2 Ng4+ 38.Kg1 Rb1+ 39.Nf1 h5 40.Rac7 Bh6 41.Re2 Bg7 42.Be4 Ra1 43.Kg2
Kh7 44.Nd2 Nf6 45.Bf3 Ra4 46.Ne4 Nxe4 47.Bxe4 Rd4 48.f3 Bc4 49.Rc2 Be6 50.R7c5
Kg8 51.R5c3 Kh7 52.Rd3 Rb4 53.Rd6 Be5 54.Rdc6 Rd4 55.R6c5 Bb3 56.Re2 Bc4
57.Bxg6+ Kxg6 58.Rexe5 Rd2+ 59.Kg1 f6 60.Rxh5 Be6 61.g4 Re2 62.Rc6 Bd7 63.Rd6
Bc8 64.Ra5 Bb7 65.h5+   1-0

[Event "Deutsche Ländermeisterschaft 2018"]
[Site "Würzburg GER"]
[Date "2018.10.03"]
[Round "2"]
[White "Weller, Uli"]
[Black "Jakob, Georg"]
[Result "0-1"]
[Termination "normal"]
[Board "9.2"]
[WhiteElo "2123"]
[BlackElo "1959"]
[WhiteTeam "Bayern 2"]
[BlackTeam "Württemberg 2"]
[PlyCount "64"]
[WhiteFideId "12971782"]
[BlackFideId "16224221"]
[EventCountry "GER"]
[EventRounds "7"]
[EventType "team-swiss"]
[EventDate "2018.10.02"]

1.e4 c5 2.Nc3 Nc6 3.g3 g6 4.d3 Bg7 5.Be3 d6 6.Qd2 Rb8 7.Bg2 b5 8.f4 b4 9.Nd1
Qb6 10.Nf3 Nh6 11.h3 f5 12.Ng5 e6 13.O-O O-O 14.Qf2 fxe4 15.Bxe4 Nf5 16.Bxf5
Rxf5 17.Ne4 Ne7 18.Qd2 Nd5 19.Bf2 e5 20.fxe5 Bxe5 21.g4 Rf8 22.Ne3 Nf4 23.Bg3
c4 24.Kh2 c3 25.bxc3 bxc3 26.Qc1 Ba6 27.Nc4 Bxc4 28.Bxf4 Rxf4 29.Rxf4 Rf8
30.Kg2 Bxf4 31.Qe1 Bd5 32.Rb1 Qe3   0-1

[Event "Deutsche Ländermeisterschaft 2018"]
[Site "Würzburg GER"]
[Date "2018.10.03"]
[Round "2"]
[White "Brunner, Jan"]
[Black "Mantel, Ruben"]
[Result "0-1"]
[Termination "normal"]
[Board "9.3"]
[WhiteElo "1940"]
[BlackElo "2101"]
[WhiteTeam "Württemberg 2"]
[BlackTeam "Bayern 2"]
[PlyCount "50"]
[WhiteFideId "12981010"]
[BlackFideId "12930121"]
[EventCountry "GER"]
[EventRounds "7"]
[EventType "team-swiss"]
[EventDate "2018.10.02"]

1.d4 d5 2.c4 e6 3.Nf3 c6 4.e3 f5 5.Nc3 Nf6 6.Bd3 Bd6 7.O-O O-O 8.Qc2 Ne4 9.Ne2
Nd7 10.b3 Rf6 11.Nf4 Rh6 12.h4 Ndf6 13.Nh3 Ng4 14.g3 Rg6 15.Nfg5 h6 16.Nxe4
fxe4 17.Bxe4 dxe4 18.Qxe4 Qe8 19.h5 Nxf2 20.Qxg6 Nxh3+ 21.Kh2 Qxg6 22.hxg6 e5
23.Bb2 e4 24.d5 Ng5 25.Rad1 c5   0-1

[Event "Deutsche Ländermeisterschaft 2018"]
[Site "Würzburg GER"]
[Date "2018.10.03"]
[Round "2"]
[White "Astner, Sebastian"]
[Black "Schallner, Marc"]
[Result "1/2-1/2"]
[Termination "normal"]
[Board "9.4"]
[WhiteElo "1849"]
[BlackElo "1931"]
[WhiteTeam "Bayern 2"]
[BlackTeam "Württemberg 2"]
[PlyCount "63"]
[WhiteFideId "12979422"]
[BlackFideId "12971243"]
[EventCountry "GER"]
[EventRounds "7"]
[EventType "team-swiss"]
[EventDate "2018.10.02"]

1.e4 e5 2.Bc4 Nf6 3.d4 exd4 4.Nf3 Nc6 5.e5 d5 6.Bb5 Ne4 7.Nxd4 Bd7 8.Bxc6 bxc6
9.O-O Bc5 10.Be3 Qe7 11.f3 Ng5 12.f4 Ne4 13.Nd2 Nxd2 14.Qxd2 Bb6 15.c3 O-O
16.Rae1 Bxd4 17.Bxd4 Bf5 18.b4 Qe6 19.Rf2 h5 20.h3 Rfe8 21.Ref1 h4 22.Rf3 Qh6
23.g4 hxg3 24.Rxg3 Re6 25.Qh2 Rg6 26.Rff3 Qh5 27.Kf2 Qh4 28.Kf1 Rxg3 29.Qxg3
Qxg3 30.Rxg3 g6 31.Kf2 a5 32.a3   1/2-1/2

[Event "Deutsche Ländermeisterschaft 2018"]
[Site "Würzburg GER"]
[Date "2018.10.03"]
[Round "2"]
[White "Zell, Mirjam"]
[Black "Bardorz, Jana"]
[Result "0-1"]
[Termination "normal"]
[Board "9.5"]
[WhiteElo "1797"]
[BlackElo "1810"]
[WhiteTeam "Württemberg 2"]
[BlackTeam "Bayern 2"]
[PlyCount "108"]
[WhiteFideId "16208544"]
[BlackFideId "16208897"]
[EventCountry "GER"]
[EventRounds "7"]
[EventType "team-swiss"]
[EventDate "2018.10.02"]

1.e4 e5 2.Nf3 Nc6 3.Bb5 a6 4.Ba4 Nf6 5.d3 b5 6.Bb3 Be7 7.c3 d6 8.O-O O-O 9.h3
Nb8 10.Re1 Nbd7 11.Nbd2 Bb7 12.Nf1 Re8 13.a4 Bf8 14.Ne3 g6 15.Ng5 Re7 16.Qf3
Bg7 17.Ng4 Qf8 18.h4 h6 19.Nxf7 Rxf7 20.Bxf7+ Kxf7 21.h5 gxh5 22.Ne3 Nc5 23.Nf5
Kg8 24.axb5 axb5 25.Rxa8 Bxa8 26.Qg3 Ng4 27.b4 Ne6 28.f3 Nf6 29.Bxh6 Kh7 30.Bd2
Bc6 31.Kf2 Be8 32.Rh1 Bg6 33.Qh3 Kg8 34.Nh4 Bf7 35.Qf5 d5 36.exd5 Nxd5 37.Ng6
Bxg6 38.Qxg6 Nef4 39.Qe4 Nf6 40.Qc6 Nxd3+ 41.Ke2 Nf4+ 42.Bxf4 exf4 43.Qxb5 Qe7+
44.Kd1 Qf7 45.Kc1 Qa2 46.Rh2 Qa1+ 47.Kc2 Qa2+ 48.Kd3 Qb1+ 49.Kc4 Qf1+ 50.Kc5
Qg1+ 51.Kc6 Qxh2 52.Kxc7 Qxg2 53.Qc4+ Kh8 54.b5 Qxf3   0-1

[Event "Deutsche Ländermeisterschaft 2018"]
[Site "Würzburg GER"]
[Date "2018.10.03"]
[Round "2"]
[White "Schilay, Eva"]
[Black "Zell, Hannah"]
[Result "1/2-1/2"]
[Termination "normal"]
[Board "9.6"]
[WhiteElo "1690"]
[BlackElo "1469"]
[WhiteTeam "Bayern 2"]
[BlackTeam "Württemberg 2"]
[PlyCount "42"]
[WhiteFideId "12930164"]
[BlackFideId "16208900"]
[EventCountry "GER"]
[EventRounds "7"]
[EventType "team-swiss"]
[EventDate "2018.10.02"]

1.Nc3 Nf6 2.e4 e5 3.Bc4 Bc5 4.d3 d6 5.Be3 Bb6 6.h3 Nc6 7.Nge2 Be6 8.Bb3 h6
9.Qd2 d5 10.exd5 Nxd5 11.Bxb6 axb6 12.O-O O-O 13.Rae1 Qd7 14.a3 Rad8 15.Nxd5
Bxd5 16.Bxd5 Qxd5 17.Nc3 Qd7 18.f4 Rfe8 19.Kh1 f6 20.Qf2 exf4 21.Qxf4 Nd4  
1/2-1/2

[Event "Deutsche Ländermeisterschaft 2018"]
[Site "Würzburg GER"]
[Date "2018.10.03"]
[Round "2"]
[White "Wildermuth, Nikolas Karl"]
[Black "Grunert, Wilhelm"]
[Result "0-1"]
[Termination "normal"]
[Board "9.7"]
[WhiteElo "1539"]
[BlackElo "1653"]
[WhiteTeam "Württemberg 2"]
[BlackTeam "Bayern 2"]
[PlyCount "38"]
[WhiteFideId "16244699"]
[BlackFideId "12995673"]
[EventCountry "GER"]
[EventRounds "7"]
[EventType "team-swiss"]
[EventDate "2018.10.02"]

1.e4 c5 2.Nf3 Nc6 3.d4 cxd4 4.c3 d3 5.Bxd3 g6 6.O-O Bg7 7.Bc4 d6 8.Ng5 Ne5
9.Bb3 h6 10.f4 Bg4 11.Qc2 Qb6+ 12.Kh1 hxg5 13.fxe5 Bxe5 14.Bxf7+ Kd8 15.Qf2
Qxf2 16.Rxf2 Bg3 17.Rc2 Bxh2 18.Nd2 Bd1 19.Bb3 Bf4+   0-1

[Event "Deutsche Ländermeisterschaft 2018"]
[Site "Würzburg GER"]
[Date "2018.10.03"]
[Round "2"]
[White "Alferova, Emily"]
[Black "Bako, Evelin"]
[Result "1-0"]
[Termination "normal"]
[Board "9.8"]
[WhiteElo "1316"]
[BlackElo "1002"]
[WhiteTeam "Bayern 2"]
[BlackTeam "Württemberg 2"]
[PlyCount "77"]
[WhiteFideId "16265904"]
[BlackFideId "16271823"]
[EventCountry "GER"]
[EventRounds "7"]
[EventType "team-swiss"]
[EventDate "2018.10.02"]

1.e4 e5 2.Nf3 Nf6 3.Nc3 Nc6 4.Bc4 Nxe4 5.Nxe4 d5 6.Bd3 dxe4 7.Bxe4 Be7 8.O-O
O-O 9.Bxc6 bxc6 10.Nxe5 c5 11.Re1 Bd6 12.Qf3 Rb8 13.Nc6 Qh4 14.g3 Qa4 15.b3 Qb5
16.Nxb8 Qxb8 17.Bb2 Bb7 18.Qc3 f6 19.Qc4+ Kh8 20.Re3 Qc8 21.Qe6 Qa8 22.Rae1 Bh1
23.Kf1 Bd5 24.Qe8 Rxe8 25.Rxe8+ Qxe8 26.Rxe8+ Bg8 27.Ra8 h6 28.Rxa7 Kh7 29.a4
Bd5 30.a5 c4 31.bxc4 Bxc4+ 32.d3 Bd5 33.c4 Be6 34.a6 Bh3+ 35.Kg1 Bf5 36.Rb7
Bxd3 37.a7 Be4 38.a8=Q Bxb7 39.Qxb7   1-0

[Event "Deutsche Ländermeisterschaft 2018"]
[Site "Würzburg GER"]
[Date "2018.10.03"]
[Round "2"]
[White "Silber, Kevin"]
[Black "Zimmer, Luca"]
[Result "1-0"]
[Termination "normal"]
[Board "10.1"]
[WhiteElo "2205"]
[BlackElo "1645"]
[WhiteTeam "SG Bremen / Niedersachsen"]
[BlackTeam "Saarland"]
[PlyCount "53"]
[WhiteFideId "12930440"]
[BlackFideId "12921424"]
[EventCountry "GER"]
[EventRounds "7"]
[EventType "team-swiss"]
[EventDate "2018.10.02"]

1.Nf3 e6 2.b3 d5 3.Bb2 Nc6 4.e3 Nf6 5.Be2 Bd6 6.O-O Bd7 7.d4 O-O 8.c4 Nb8 9.Nc3
c6 10.Ne5 Be8 11.f4 Nbd7 12.Bd3 Kh8 13.Rf3 Ng8 14.e4 dxe4 15.Nxe4 f5 16.Nxd6
Nxe5 17.fxe5 Bh5 18.Be2 Bxf3 19.Bxf3 Qc7 20.Rc1 Ne7 21.d5 Nc8 22.dxe6 Qe7
23.Nf7+ Kg8 24.Qd7 Qc5+ 25.Bd4 Qa3 26.Rd1 Ne7 27.Qd6   1-0

[Event "Deutsche Ländermeisterschaft 2018"]
[Site "Würzburg GER"]
[Date "2018.10.03"]
[Round "2"]
[White "Zha, Kevin"]
[Black "Steffens, Oliver"]
[Result "0-1"]
[Termination "normal"]
[Board "10.2"]
[WhiteElo "1570"]
[BlackElo "1960"]
[WhiteTeam "Saarland"]
[BlackTeam "SG Bremen / Niedersachsen"]
[PlyCount "68"]
[WhiteFideId "16208951"]
[BlackFideId "12947148"]
[EventCountry "GER"]
[EventRounds "7"]
[EventType "team-swiss"]
[EventDate "2018.10.02"]

1.e4 c5 2.Nf3 Nc6 3.d4 cxd4 4.Nxd4 Nf6 5.Nc3 e5 6.Ndb5 d6 7.Nd5 Nxd5 8.exd5 Nb8
9.c4 Be7 10.Bd3 O-O 11.O-O f5 12.Bd2 a6 13.Nc3 Nd7 14.Bc2 Bg5 15.f4 exf4
16.Bxf4 Qb6+ 17.Kh1 Bxf4 18.Rxf4 Qxb2 19.Na4 Qe5 20.Qf1 g5 21.Rxf5 Rxf5 22.Bxf5
Nf6 23.Bxc8 Rxc8 24.Re1 Ne4 25.Nb6 Re8 26.Rc1 Re7 27.g3 Rf7 28.Qe1 Qb2 29.Rb1
Qc2 30.Rc1 Nf2+ 31.Kg1 Nh3+ 32.Kh1 Qf5 33.Rc3 g4 34.a4 Qf1+   0-1

[Event "Deutsche Ländermeisterschaft 2018"]
[Site "Würzburg GER"]
[Date "2018.10.03"]
[Round "2"]
[White "Evering, Sören"]
[Black "Jeschke, Jan"]
[Result "0-1"]
[Termination "normal"]
[Board "10.3"]
[WhiteElo "1793"]
[BlackElo "1479"]
[WhiteTeam "SG Bremen / Niedersachsen"]
[BlackTeam "Saarland"]
[PlyCount "146"]
[WhiteFideId "12974650"]
[BlackFideId "16225430"]
[EventCountry "GER"]
[EventRounds "7"]
[EventType "team-swiss"]
[EventDate "2018.10.02"]

1.e4 e6 2.d4 d5 3.Nc3 Bb4 4.e5 c5 5.a3 Bxc3+ 6.bxc3 Ne7 7.Qg4 O-O 8.Bd3 Nbc6
9.Qh5 Ng6 10.Nf3 Qc7 11.O-O c4 12.Be2 Bd7 13.Ng5 h6 14.Nh3 Be8 15.f4 f6 16.exf6
Rxf6 17.Qg4 Nge7 18.Nf2 Bg6 19.Bd1 Raf8 20.Qe2 Qd7 21.g4 Nc8 22.h4 Nd6 23.h5
Be4 24.Be3 Qe7 25.Nh3 R6f7 26.Qe1 e5 27.f5 exd4 28.cxd4 Nb5 29.Qd2 Qd6 30.Bf4
Qf6 31.c3 Bd3 32.Re1 Nbxd4 33.Rc1 Qh4 34.Kh2 Nxf5 35.gxf5 Bxf5 36.Qe3 Qxh3+
37.Qxh3 Bxh3 38.Bxh6 gxh6 39.Kxh3 Rg7 40.Bg4 Rg5 41.Rb1 b6 42.Rb5 Kh8 43.Re6
Ne5 44.Rxd5 Nxg4 45.Rxg5 Nf2+ 46.Kg3 hxg5 47.Kg2 Nd1 48.Rh6+ Kg7 49.Rg6+ Kh7
50.Rxg5 Nxc3 51.Rg4 Nb5 52.Rxc4 Nxa3 53.Rc7+ Kh6 54.Rxa7 Nc4 55.Rc7 Rf4 56.Kg3
Rd4 57.Kf3 Kxh5 58.Rg7 b5 59.Ke2 b4 60.Rb7 Nd6 61.Rb6 Kg5 62.Ke1 Kf5 63.Ke2 Ke5
64.Rb8 Kd5 65.Ke3 Nf5+ 66.Ke2 Kc4 67.Rf8 Nd6 68.Rb8 Kc3 69.Ke3 Nc4+ 70.Ke2 Rd2+
71.Ke1 b3 72.Rb5 b2 73.Rb7 Kc2   0-1